Top 50 Poorest Countries In The World - Statistics

General Stats
  • This quiz has been taken 116 times
  • The average score is 33 of 50
Answer Stats
USD Country % Correct
$770 D.R. Congo
87%
$9.400 Chad
86%
$2.200 Mali
86%
$1.000 Niger
84%
$1.800 Rwanda
84%
$10.700 Sudan
84%
$11.000 Congo
81%
$2.000 South Sudan
81%
$630 Central African Republic
80%
$1.500 Lesotho
80%
$1.800 Ethiopia
79%
$2.000 Uganda
79%
$1.200 Eritrea
78%
$820 Burundi
77%
$1.400 Togo
76%
$2.700 Tanzania
75%
$1.600 Gambia
74%
$1.400 Madagascar
74%
$2.100 Yemen
74%
$10.200 Benin
73%
$1.100 Malawi
73%
$11.200 Nigeria
73%
$2.100 Zimbabwe
73%
$1.700 Burkina Faso
71%
$870 Liberia
71%
$9.800 Zambia
71%
$1.500 Afghanistan
70%
$1.300 Guinea
70%
$10.300 Cameroon
69%
$1.700 Haiti
69%
$1.200 Mozambique
68%
$10.100 Senegal
68%
$1.500 Sierra Leone
67%
$1.500 Guinea-Bissau
66%
$9.500 Comoros
56%
$11.500 Pakistan
54%
$11.100 Cambodia
53%
$11.000 Myanmar
53%
$10.900 Nepal
49%
$10.800 Venezuela
46%
$9.000 East Timor
43%
$10.600 Papua New Guinea
43%
$10.500 Tajikistan
42%
$1.700 Kiribati
41%
$9.200 Vanuatu
41%
$11.300 Kyrgyzstan
38%
$1.900 Solomon Islands
38%
$10.400 Marshall Islands
37%
$11.700 Samoa
37%
$10.000 F.S. Micronesia
31%
No matching quizzes found
Score Distribution
Percent of People with Each Score
Percentile by Number Answered
Your Score History
You have not taken this quiz